000 00523cam a22001932 4500
001 0000000991
005 20170406113036.0
008 131121s xx 000 0 eng d
020 _c$
040 _aYour Holding Symbol
_cYour Holding Symbol
100 1 _aGuillou,O.P LE.J.M.
245 1 4 _aThe tradition of eastern of orthodoxy.
250 _a ed.
260 _alondon :
_bburns and oates,
_c1962.
300 _a142 p. ;
_c cm.
504 _abibliography.
650 0 _atheology.
908 _a131121
999 _c910
_d910